000 00438nam a2200181Ia 4500
001 21194
005 20260306172901.0
008 260306t1999||||xx |||||||||||||| ||spa||
041 _aESP
082 _a344.2
_bD15
100 _aD´Agostino, Francesco
_eAUT
245 0 _aLa sanzione nell´esperienza giuridica
260 _c1999
300 _a213 páginas :
_c23 cm.
650 _aGEN
654 _aCDE
942 _cLIB
_dJUS
_fJUS
_2ddc
_n
999 _c21194
_d21194